书目信息 |
| 题名: |
把信送给加西亚
|
|
| 作者: | 哈伯德 著 ;黄晓林 编译 | |
| 分册: | ||
| 出版信息: | 北京 线装书局 2018 |
|
| 页数: | 195页 | |
| 开本: | 21cm | |
| 丛书名: | ||
| 单 册: | ||
| 中图分类: | B822.9 | |
| 科图分类: | ||
| 主题词: | 职业道德--通俗读物 | |
| 电子资源: | ||
| ISBN: | 978-7-5120-3076-3 | |
| 000 | 00947nam0 2200265 45 | |
| 001 | 012001002489 | |
| 005 | 20130123150558.0 | |
| 010 | @a978-7-5120-3076-3@dCNY36.00 | |
| 100 | @a20180819d2018 em y0chiy50 ea | |
| 101 | 1 | @achi@ceng |
| 102 | @aCN@b110000 | |
| 105 | @aa z 000yy | |
| 106 | @ar | |
| 200 | 1 | @a把信送给加西亚@9ba xin song gei jia xi ya@dA message to Garcia@f(美)哈伯德著@g黄晓林编译@zeng |
| 210 | @a北京@c线装书局@d2018 | |
| 215 | @a195页@c图,照片@d21cm | |
| 330 | @a本书从工作的使命感、责任、服从、工作态度、行动等方面,剖析了成功的原因,为追求卓越人生的人们提供可借鉴的经验。 | |
| 500 | 10 | @a把信送给加西亚@9ba xin song gei jia xi ya |
| 510 | 1 | @aMessage to Garcia@zeng |
| 606 | 0 | @a职业道德@j通俗读物 |
| 690 | @aB822.9@v5 | |
| 701 | 0 | @c(美)@a哈伯德@9ha bo de@c(Hubbard, Elbert@f1856-1915)@4著 |
| 702 | 0 | @a黄晓林@9huang xiao lin@4编译 |
| 801 | 0 | @aCN@b江苏凤凰@c20191020 |
| 905 | @b1216015-8@dB822.9@e1382@f4 | |
| 把信送给加西亚=A message to Garcia/(美)哈伯德著/黄晓林编译.-北京:线装书局,2018 |
| 195页:图,照片;21cm |
| ISBN 978-7-5120-3076-3:CNY36.00 |
| 本书从工作的使命感、责任、服从、工作态度、行动等方面,剖析了成功的原因,为追求卓越人生的人们提供可借鉴的经验。 |
| ● |
| 相关链接 |
|
|
|
|
正题名:把信送给加西亚
索取号:B822.9/1382
 
预约/预借
| 序号 | 登录号 | 条形码 | 馆藏地/架位号 | 状态 | 备注 |
| 1 | 1216015 | 212160150 | 第一样本阅览室/ [索取号:B822.9/1382] | 在馆 | |
| 2 | 1216016 | 212160169 | 教育系资料室/ [索取号:B822.9/1382] | 在馆 | |
| 3 | 1216017 | 212160178 | 教育系资料室/ [索取号:B822.9/1382] | 在馆 | |
| 4 | 1216018 | 212160187 | 第一借阅区/ [索取号:B822.9/1382] | 在馆 |